|
|
|
|
| LEADER |
01492nam a22002777a 4500 |
| 001 |
40390 |
| 003 |
BD-DhAAL |
| 008 |
230212r19851984ii ||||| b||| 001 0 ben d |
| 040 |
|
|
|a BD-DhAAL
|c BD-DhAAL
|
| 041 |
|
|
|a ben
|
| 082 |
|
|
|a 330.954
|2 23
|
| 100 |
|
|
|a দত্ত, ভবতোষ,
|d ১৯১১-১৯৯৭.
|9 53591
|
| 245 |
|
|
|a ভারতের আর্থিক উন্নয়ন /
|c ভবতোষ দত্ত ; সহকারী সম্পাদক অশোক রুদ্র.
|
| 260 |
|
|
|a কলকাতা :
|b আনন্দ পাবলিশার্স,
|c ১৯৮৪ [দ্বিতীয় মুদ্রণ ১৯৮৫].
|
| 300 |
|
|
|a ১২৭ পৃষ্ঠা ;
|c ২২ সে.মি.
|
| 490 |
|
|
|a অর্থনীতি গ্রন্থমালা ;
|v ১
|
| 504 |
|
|
|a গ্রন্থপঞ্জিগত নির্দেশিকা ও নির্ঘণ্ট অন্তর্ভুক্ত।
|
| 541 |
|
|
|a Donated By Akbar Ali Khan
|e 40390
|
| 650 |
|
|
|a Economics.
|
| 651 |
|
|
|a India
|x Economic conditions.
|
| 700 |
|
|
|a রুদ্র, অশোক
|9 53593
|
| 830 |
|
|
|a অর্থনীতি গ্রন্থমালা ;
|v ১
|9 53592
|
| 852 |
|
|
|a Ayesha Abed Library
|c Akbar Ali Khan Collection
|
| 942 |
|
|
|2 ddc
|c BK
|
| 999 |
|
|
|c 45496
|d 45496
|
| 952 |
|
|
|0 0
|1 0
|2 ddc
|4 0
|6 330_954000000000000_DAT
|7 1
|9 73222
|a BRACUL
|b BRACUL
|c AAKC
|d 2023-02-12
|e Donated By Akbar Ali Khan
|g 15.00
|l 0
|o 330.954 DAT
|p 3010040390
|r 2023-02-12
|t 1
|w 2023-02-12
|y BK
|